[Event "45th FIDE Chess Olympiad Open"]
[Site "Budapest, Hungary"]
[Date "2024.09.11"]
[Round "1.15"]
[White "Mehmeti, Dritan"]
[Black "Suk Raj Monger"]
[Result "1-0"]
[WhiteElo "2364"]
[BlackElo "1821"]
[PlyCount "43"]
[EventDate "2024.??.??"]
[WhiteTeam "Albania"]
[BlackTeam "Bhutan"]
[WhiteTeamCountry "ALB"]
[BlackTeamCountry "BTN"]
[WhiteClock "0:27:41"]
[BlackClock "0:08:45"]

1. d4 Nf6 2. Bg5 d5 3. Nd2 h6 4. Bh4 Nc6 ({RR} 4... Bf5 5. e3 e6 6. Ngf3 Be7 7. c4 O-O 8. Qb3 Nc6 9. Be2 Na5 10. Qa4 Nxc4 11. Nxc4 dxc4 12. Qxc4 Ne4 13. Bxe7 Qxe7 14. O-O c5 15. Rfd1 cxd4 16. Nxd4 Bg6 17. Rac1 Rfd8 18. f3 Nd6 19. Qb4 {Artemiev,V (2704)-Firouzja,A (2759) Chess24.com INT 2021 1-0 (32)}) ({RR} 4... Nbd7 5. e3 c6 6. f4 e6 7. c3 Be7 8. Ngf3 b6 9. Bd3 Bb7 10. Qe2 Rc8 11. O-O c5 12. Ne5 cxd4 13. exd4 Nxe5 14. fxe5 Nd7 15. Bxe7 Qxe7 16. Rf4 f6 17. exf6 gxf6 18. Re1 e5 19. Bf5 {Seo,J (2466)-Grinev,V (2422) chess.com INT 2024 1-0 (44)}) 5. e3 a6 $146 ({RR} 5... Bf5 6. c3 e6 7. Ngf3 a6 8. Qa4 b5 9. Qd1 Be7 10. b4 O-O 11. a4 Na7 12. Ne5 Ne4 13. Bxe7 Qxe7 14. Nxe4 Bxe4 15. Nd3 Bxd3 16. Bxd3 c6 17. Ra2 e5 18. dxe5 Qxe5 19. Qc2 bxa4 20. O-O {Taylor,R (1922)-McCann,J (1774) England 2016 0-1 (41)}) ({RR} 5... Bf5 6. Ngf3 Qd7 7. Bb5 Qd6 8. a3 O-O-O 9. Bg3 Qe6 10. h3 Qd7 11. Rc1 e6 12. Qe2 Bd6 13. Bxd6 Qxd6 14. Bxc6 Qxc6 15. Ne5 Qe8 16. O-O Ne4 17. Nxe4 Bxe4 18. f3 f6 19. Ng4 Bh7 20. c4 {Davies,G (1380)-Gamare,S Bridgend 2020 1-0 (38)}) ({RR} 5... g5 6. Bg3 Bf5 7. c3 Bg7 8. Bb5 a6 9. Ba4 b5 10. Bc2 Ne4 11. Nxe4 Bxe4 12. Bxe4 dxe4 13. Qg4 Qd5 14. Bxc7 e5 15. dxe5 O-O 16. Bd6 Rfd8 17. Qd1 Qe6 18. Qc2 Nxe5 19. Bxe5 Qxe5 20. Ne2 {Llonch Mur,J (2119)-Lafuente Ruiz,J (1658) Llinars del Valles 2011 1-0 (66)}) 6. Ngf3 Bg4 7. c4 e6 8. Rc1 Bb4 9. a3 Bxd2+ 10. Qxd2 g5 11. Bg3 Ne4 12. Qc2 h5 13. Ne5 Nxe5 14. Bxe5 Nf6 15. cxd5 exd5 16. Qxc7 Qxc7 17. Rxc7 Rh6 18. h4 gxh4 19. f3 Bc8 20. Rxh4 Nd7 21. Bf4 Rh7 22. Bd3 1-0

[Event "45th FIDE Chess Olympiad Open"]
[Site "Budapest, Hungary"]
[Date "2024.09.11"]
[Round "1.16"]
[White "Lhundrup M Dorji"]
[Black "Veleshnja, Zino"]
[Result "0-1"]
[WhiteElo "1715"]
[BlackElo "2294"]
[PlyCount "74"]
[EventDate "2024.??.??"]
[WhiteTeam "Bhutan"]
[BlackTeam "Albania"]
[WhiteTeamCountry "BTN"]
[BlackTeamCountry "ALB"]
[WhiteClock "0:04:47"]
[BlackClock "0:08:28"]

1. e4 c5 2. Nf3 d6 3. d4 cxd4 4. Nxd4 Nf6 5. Nc3 a6 6. f3 e5 7. Nb3 Be6 8. Be3 h5 9. Qd2 Nbd7 10. O-O-O Be7 11. Kb1 Qc7 12. h3 ({RR} 12. Nd5 Nxd5 13. exd5 Bf5 14. Bd3 Bxd3 15. Qxd3 b5 16. Bd2 O-O 17. Na5 Rac8 18. Rc1 Nb6 19. b3 Bf6 20. c4 bxc4 21. Nxc4 Nxc4 22. Rxc4 Qd7 23. Rhc1 Rxc4 24. Rxc4 Ra8 25. Rc6 a5 26. a4 g6 {Aronian,L (2765)-Caruana,F (2786) Warsaw 2022 ½-½ (38)}) 12... Rd8 $146 ({RR} 12... h4 13. Bd3 b5 14. f4 Nb6 15. Bxb6 Qxb6 16. Rhe1 Bd7 17. fxe5 dxe5 18. Nd5 Nxd5 19. exd5 Qd6 20. Qe2 f6 21. Bg6+ Kd8 22. Na5 Kc7 23. c4 Kb6 24. Nc6 Bxc6 25. dxc6 Qe6 26. Rd7 Rab8 27. cxb5 {Pavlov,M (2400)-Karjakin,S (2489) Alushta 2002 0-1 (69)}) ({RR} 12... b5 13. Bg5 Nb6 14. Bxf6 gxf6 15. Nd5 Nxd5 16. exd5 Bd7 17. Na5 h4 18. Bd3 Rb8 19. Nc6 Bxc6 20. dxc6 Qxc6 21. Be4 Qc8 22. Qd3 Rg8 23. Rd2 Rg5 24. Rhd1 f5 25. Bd5 Kf8 26. Qe2 f4 27. Rd3 {Mouhamad,J (2269)-Neverov,V (2405) Budapest HUN 2024 0-1 (70)}) ({RR} 12... b5 13. Bd3 h4 14. f4 b4 15. Ne2 a5 16. Rhe1 Qc6 17. Ng1 a4 18. Nc1 b3 19. Bf2 Nc5 20. Bxc5 Qxc5 21. f5 bxa2+ 22. Ka1 Bd7 23. Nxa2 O-O 24. Ne2 Bc6 25. Nec3 Rfb8 26. g3 hxg3 27. Rg1 {Visser,H (2249)-Donchenko,A (2618) Maastricht 2019 0-1 (56)}) ({RR} 12... Rb8 13. g3 b5 14. Be2 b4 15. Nd5 Bxd5 16. exd5 a5 17. g4 a4 18. Nc1 Rc8 19. g5 b3 20. c4 bxa2+ 21. Nxa2 Nh7 22. Nc3 Qa5 23. h4 Nhf8 24. Qc2 a3 25. b3 Nc5 26. Nb5 Nfd7 27. Bd2 {Moreno Tejera,E (2382)-Alvarez Fernandez,E (2116) Mondariz 2003 1-0 (38)}) 13. f4 O-O 14. Be2 Nc5 15. Bf3 b5 16. f5 Bxb3 17. cxb3 b4 18. Nd5 Nxd5 19. Qxd5 h4 20. Rc1 a5 21. Rhg1 Rc8 22. g4 Qc6 23. Qd2 a4 24. Qxb4 axb3 25. axb3 Ra8 26. Rc4 Qa6 27. Qc3 Rfb8 28. Bxc5 Qa2+ 29. Kc2 dxc5 30. Bd1 Bg5 31. Rxc5 Qa1 32. Re1 Qc1+ 33. Kd3 Rd8+ 34. Rd5 Qf4 35. Kc2 Rdc8 36. Rc5 Rxc5 37. Qxc5 Qc1+ 0-1

[Event "45th FIDE Chess Olympiad Open"]
[Site "Budapest, Hungary"]
[Date "2024.09.11"]
[Round "1.17"]
[White "Aziz, Husain"]
[Black "Olson, Hamish"]
[Result "1/2-1/2"]
[WhiteElo "2340"]
[BlackElo "2384"]
[PlyCount "124"]
[EventDate "2024.??.??"]
[WhiteTeam "Qatar"]
[BlackTeam "Scotland"]
[WhiteTeamCountry "QAT"]
[BlackTeamCountry "SCO"]
[WhiteClock "0:04:12"]
[BlackClock "0:33:03"]

1. d4 d5 2. Nf3 Nf6 3. Bf4 c5 4. e3 Nc6 5. Nbd2 cxd4 6. exd4 Bf5 7. c3 e6 8. Bb5 Nd7 9. O-O Be7 10. Re1 O-O 11. a4 Rc8 $146 ({RR} 11... a6 12. Bf1 Rc8 13. b4 Bf6 14. a5 Na7 15. Re3 Re8 16. Nb3 h6 17. Nc5 Nxc5 18. bxc5 Qd7 19. Ra2 Nc6 20. Qa4 Bd8 21. h3 Bxa5 22. Ne5 Nxe5 23. Qxa5 Nc4 24. Bxc4 dxc4 25. Rb2 Qd5 26. Re5 {Gascon Del Nogal,J (2462)-Jorajuria Mendoza,A (2094) chess.com INT 2024 1-0 (54)}) 12. h3 h6 13. Bf1 Nf6 14. Qe2 Ne4 15. Nxe4 Bxe4 16. Nd2 Bg6 17. Nb3 Bd6 18. Bxd6 Qxd6 19. a5 Ne7 20. Qb5 Qc6 21. Nc5 Qxb5 22. Bxb5 Rc7 23. Ra4 Nc8 24. Rb4 Nd6 25. Bf1 Re7 26. g4 Rc8 27. f3 Rcc7 28. Kf2 Bh7 29. h4 g5 30. hxg5 hxg5 31. Re5 f6 32. Rxe6 Rxe6 33. Nxe6 Re7 34. Nc5 f5 35. gxf5 Bxf5 36. Be2 Kg7 37. Bd1 Bg6 38. Bb3 Bf7 39. Nd3 Kf6 40. Ne5 Be6 41. Bc2 Bf5 42. Bb3 Be6 43. Bc2 Rc7 44. Ra4 Nf7 45. Nxf7 Rxf7 46. Ra1 g4 47. fxg4 Bxg4 48. Kg3 Kg5 49. Re1 Rf3+ 50. Kg2 Kf4 51. Re7 Rg3+ 52. Kf2 Rf3+ 53. Kg2 Rg3+ 54. Kf2 Rf3+ 55. Ke1 Re3+ 56. Rxe3 Kxe3 57. Bg6 b6 58. axb6 axb6 59. Be8 Kd3 60. Bg6+ Ke3 61. Be8 Kd3 62. Bg6+ Ke3 1/2-1/2

[Event "45th FIDE Chess Olympiad Open"]
[Site "Budapest, Hungary"]
[Date "2024.09.11"]
[Round "1.18"]
[White "Waldhausen Gordon, Frederick"]
[Black "Erfan Mohamad Firdaus"]
[Result "1-0"]
[WhiteElo "2351"]
[BlackElo "1758"]
[PlyCount "97"]
[EventDate "2024.??.??"]
[WhiteTeam "Scotland"]
[BlackTeam "Qatar"]
[WhiteTeamCountry "SCO"]
[BlackTeamCountry "QAT"]
[WhiteClock "1:21:52"]
[BlackClock "0:12:40"]

1. d4 d5 2. c4 dxc4 3. e3 Nf6 4. Bxc4 e6 5. Nf3 a6 6. O-O c5 7. b3 cxd4 8. Nxd4 b5 ({RR} 8... Bd7 9. Bb2 Nc6 10. Nf3 Be7 11. Nbd2 O-O 12. Rc1 Rc8 13. Qe2 Nb4 14. a3 b5 15. axb4 bxc4 16. Nxc4 Bxb4 17. Ra1 Bb5 18. Nd4 Bxc4 19. bxc4 a5 20. Rfc1 Nd7 21. Nb3 Qg5 22. c5 Nxc5 23. Nxa5 {Giri,A (2771)-Caruana,F (2823) London 2016 ½-½ (58)}) 9. Be2 e5 $146 ({RR} 9... Bb7 10. a4 b4 {½-½ (10) Hoang,T (2360)-Varga,Z (2540) Budapest 1996}) ({RR} 9... Bb7 10. Bb2 Bc5 11. Nd2 Nbd7 12. a4 bxa4 13. Rxa4 O-O 14. N2f3 Be7 15. Ra2 Qb6 16. Nd2 Bd5 17. Nc4 Bxc4 18. Bxc4 a5 19. Nf3 Rfd8 20. Qc2 Qc7 21. Rfa1 Nd5 22. Ba3 Nb4 23. Bxb4 Bxb4 24. Ng5 {Arnav,M (2244)-Md Imran (2133) Chennai IND 2023 ½-½ (52)}) ({RR} 9... Bb7 10. Bb2 Be7 11. Bf3 Ra7 12. Nc3 O-O 13. Rc1 Qa5 14. a4 b4 15. Nb1 Rd8 16. Bxb7 Rxb7 17. Qf3 Qd5 18. Nd2 Qxf3 19. N2xf3 Ne4 20. Rc4 Nc5 21. Ne5 Rd5 22. Nec6 Nxc6 23. Nxc6 Bf8 24. Nxb4 {Kiriakov,P (2385)-Mesropov,K (2370) Voskresensk 1993 ½-½}) ({RR} 9... Be7 10. Bb2 O-O 11. a4 b4 12. Nd2 Bb7 13. Rc1 Nd5 14. Bf3 Bf6 15. Ne4 Be7 16. Rc2 Qb6 17. Qa1 e5 18. Nf5 f6 19. Nxe7+ Nxe7 20. a5 Qa7 21. Rc7 Nbc6 22. Nd6 Qb8 23. Rxe7 Nxe7 24. Nxb7 {De Wachter,M (2308)-Pozun,M (2162) Grohote 2021 1-0 (41)}) 10. Nf3 Bd6 11. Bb2 Qe7 12. Nbd2 O-O 13. a4 bxa4 14. Nc4 Rd8 15. Nxd6 Rxd6 16. Qe1 e4 17. Ba3 exf3 18. Bxf3 Ra7 19. Qb4 Re6 20. Qxb8 Qc7 21. Qb4 Re8 22. Rac1 Qe5 23. Rc5 Qe6 24. Qb8 Rae7 25. Rc6 Qxb3 26. Qxb3 axb3 27. Bxe7 Bd7 28. Bxf6 Bxc6 29. Bxc6 Re6 30. Bd5 Rxf6 31. Bxb3 g6 32. g3 a5 33. Rc1 Rb6 34. Bd5 Rd6 35. e4 Rd7 36. Rc8+ Kg7 37. Ra8 f5 38. Rxa5 fxe4 39. Bxe4 Kf6 40. Kg2 Rd4 41. Kf3 Rb4 42. h4 Rb6 43. Rc5 h5 44. Rc6+ Rxc6 45. Bxc6 g5 46. hxg5+ Kxg5 47. Ke4 h4 48. gxh4+ Kxh4 49. f4 1-0

[Event "45th FIDE Chess Olympiad Open"]
[Site "Budapest, Hungary"]
[Date "2024.09.11"]
[Round "1.19"]
[White "Al Qassabi, Mohammed"]
[Black "Abdulla, Murad"]
[Result "0-1"]
[WhiteElo "1521"]
[BlackElo "2312"]
[PlyCount "45"]
[EventDate "2024.??.??"]
[WhiteTeam "Qatar"]
[BlackTeam "Scotland"]
[WhiteTeamCountry "QAT"]
[BlackTeamCountry "SCO"]
[WhiteClock "0:08:39"]
[BlackClock "0:57:21"]

1. e4 c5 2. Nf3 Nc6 3. d4 cxd4 4. Nxd4 Qb6 5. Nxc6 bxc6 6. Bc4 Nf6 7. Nc3 e5 8. O-O Be7 9. Bb3 ({RR} 9. Rb1 O-O 10. Be3 Qc7 11. f4 exf4 12. Bxf4 d6 13. Qe1 Nd7 14. Nd1 Bf6 15. Ne3 Ne5 16. Qg3 Kh8 17. Bg5 Bxg5 18. Qxg5 Be6 19. Bb3 a5 20. Nf5 Bxf5 21. exf5 h6 22. Qh4 a4 23. Bc4 d5 {Zunrong Liu,J-Karde,D (1750) Uppsala SWE 2023 0-1 (44)}) 9... O-O 10. Be3 Qa5 $146 ({RR} 10... Qc7 11. Qf3 d6 12. h3 Be6 13. Rad1 Rad8 14. Rd2 h6 15. Rfd1 Nh7 16. Qg3 Bg5 17. f4 exf4 18. Bxf4 Bxf4 19. Qxf4 Nf6 20. Kh1 Rd7 21. Ne2 Re8 22. Rxd6 Rxd6 23. Rxd6 g5 24. Qxf6 Qxd6 25. Nd4 {Flir,E (1861)-Nikolov,M (2550) Bregenz 2018 0-1 (45)}) ({RR} 10... Qc7 11. f3 Bb7 12. Re1 Rfd8 13. Qd3 d5 14. exd5 cxd5 15. Bf2 e4 16. fxe4 dxe4 17. Qe2 Qc6 18. Bh4 Ba6 19. Ba4 Qb6+ 20. Bf2 Qxb2 21. Qxa6 Qxc3 22. Bb3 Ng4 23. Qe2 Nxf2 24. Bxf7+ Kxf7 25. Qxf2+ {Uthayakumar,R (1408)-Zhang,H (1839) Windsor 2015 0-1 (38)}) ({RR} 10... Qc7 11. h3 d6 12. Qf3 a5 13. Rad1 Be6 14. Qe2 Qb7 15. f4 Bxb3 16. axb3 a4 17. fxe5 dxe5 18. Nxa4 Nxe4 19. Qg4 Nf6 20. Qg3 Kh8 21. Qxe5 Rae8 22. Qf5 Qb5 23. Nc3 Qb7 24. Bd4 Rd8 25. Bc5 {Lama,D (1919)-Akshat,K (2319) Kathmandu 2010 0-1 (60)}) 11. Qd2 Bb4 12. Qd3 Ba6 13. Bc4 Bxc4 14. Qxc4 d5 15. Qe2 d4 16. Bg5 dxc3 17. Bxf6 gxf6 18. Qg4+ Kh8 19. Qf5 Be7 20. Rae1 cxb2 21. Re3 Rg8 22. Rh3 Rg7 23. Rb3 0-1

[Event "45th FIDE Chess Olympiad Open"]
[Site "Budapest, Hungary"]
[Date "2024.09.11"]
[Round "1.20"]
[White "Gourlay, Iain"]
[Black "Al-Kuwari, Turki"]
[Result "1-0"]
[WhiteElo "2296"]
[BlackElo "1577"]
[PlyCount "69"]
[EventDate "2024.??.??"]
[WhiteTeam "Scotland"]
[BlackTeam "Qatar"]
[WhiteTeamCountry "SCO"]
[BlackTeamCountry "QAT"]
[WhiteClock "0:01:04"]
[BlackClock "0:06:24"]

1. Nf3 c5 2. g3 Nc6 3. Bg2 g6 4. c4 Bg7 5. Nc3 e6 6. h4 Nge7 ({RR} 6... h6 7. e3 Nge7 8. d4 cxd4 9. Nxd4 d5 10. cxd5 Nxd5 11. O-O O-O 12. Bd2 Nxd4 13. exd4 Ne7 14. Bf4 Nf5 15. Ne2 Qb6 16. Qb3 Bd7 17. Bxb7 Rae8 18. Qxb6 axb6 19. Rfd1 Re7 20. Bg2 Ba4 21. b3 {Carlsen,M (2863)-So,W (2770) chess24.com INT 2020 1-0 (48)}) 7. h5 d5 ({RR} 7... O-O 8. d3 d5 9. hxg6 hxg6 10. Bh6 Bxh6 11. Rxh6 dxc4 12. Qd2 Nf5 13. Rh3 f6 14. g4 Ng7 15. Qh6 Kf7 16. O-O-O Qc7 17. Nb5 Qe7 18. dxc4 Rd8 19. Rxd8 Qxd8 20. Nh4 Ne5 21. f4 Nxc4 22. Qxg6+ {Heimisson,H (2392)-Hald Falkesgaard,J (2321) Koege DEN 2024 1-0}) 8. h6 Bxc3 9. bxc3 $146 ({RR} 9. dxc3 dxc4 10. Qxd8+ Kxd8 11. Ng5 Ke8 12. Ne4 Nd5 13. Nxc5 f5 14. e4 Nde7 15. Bg5 Kf7 16. O-O-O b6 17. exf5 bxc5 18. fxg6+ hxg6 19. Bxe7 Kxe7 20. Bxc6 Rb8 21. Be4 Kf6 22. Rd6 Ke5 23. Rc6 Kxe4 {Rojas Salas,S (2194)-Toncheva,N (2155) Chess.com INT 2020 0-1 (52)}) 9... dxc4 10. Qa4 Qd6 11. Qxc4 b6 12. d4 cxd4 13. Nxd4 Nxd4 14. cxd4 Nd5 15. Bf4 Qd7 16. Be5 O-O 17. e4 Ne7 18. O-O Bb7 19. Rfd1 Rac8 20. Qb3 Rfd8 21. Qe3 f5 22. Qg5 Rf8 23. Rac1 fxe4 24. Rxc8 Nxc8 25. Rc1 Nd6 26. Bh3 b5 27. Bg7 Rc8 28. Rxc8+ Qxc8 29. Qe7 Nf5 30. Bxf5 exf5 31. Kh2 Bd5 32. Qd6 Qa8 33. Be5 Qc6 34. Qe7 Bf7 35. Bd6 1-0

[Event "45th FIDE Chess Olympiad Open"]
[Site "Budapest, Hungary"]
[Date "2024.09.11"]
[Round "1.21"]
[White "Tran, Thanh Tu"]
[Black "Misambo .J. KIlasa"]
[Result "1-0"]
[WhiteElo "2387"]
[BlackElo "1959"]
[PlyCount "97"]
[EventDate "2024.??.??"]
[WhiteTeam "Japan"]
[BlackTeam "Tanzania"]
[WhiteTeamCountry "JPN"]
[BlackTeamCountry "TAN"]
[WhiteClock "0:27:47"]
[BlackClock "0:44:04"]

1. Nf3 Nf6 2. g3 b5 3. Bg2 Bb7 4. d3 e6 5. e4 d6 6. O-O Be7 7. b3 O-O 8. Bb2 Nbd7 ({RR} 8... a5 9. a4 b4 10. Nbd2 Nbd7 11. h3 Nb6 12. Nh2 e5 13. f4 Nfd7 14. Kh1 Bf6 15. f5 d5 16. Ng4 c5 17. Nxf6+ Qxf6 18. Qe2 Rfe8 19. Rf2 Rac8 20. Raf1 c4 21. dxc4 dxc4 22. Bc1 cxb3 23. cxb3 {Swiatlowski,L (2199)-Vifleemskaia,S (1942) chess.com INT 2024 0-1 (39)}) 9. Nbd2 c5 10. Qe2 a6 $146 ({RR} 10... Qb6 11. Rfe1 Rfe8 12. d4 a6 {½-½ (12) Zpevak,P (2358)-Kantorik,M (2289) Zvolen 2000}) ({RR} 10... Qc7 11. d4 cxd4 12. Nxd4 a6 13. c4 bxc4 14. Nxc4 d5 15. exd5 Bxd5 16. Bxd5 exd5 17. Ne3 Rfe8 18. Rac1 Qb7 19. Rfd1 Bf8 20. Qf3 Re4 21. Ndf5 Ne5 22. Bxe5 Rxe5 23. Rd4 Rc8 24. Rxc8 Qxc8 25. Nh6+ {Vazquez Escudero,P-Gonzalez Lopez,J Valladolid 1986 ½-½ (40)}) ({RR} 10... Qc7 11. Nh4 Ne8 12. f4 Bf6 13. Bxf6 Nexf6 14. g4 Ne8 15. Rae1 f6 16. Bh3 Qb6 17. c4 Nc7 18. Bg2 Rae8 19. Rf3 d5 20. Rh3 dxc4 21. dxc4 Rd8 22. Ndf3 bxc4 23. bxc4 Ba6 24. Qc2 Qb4 25. Bf1 {Tan,T-Nithiananthan,J (2117) Singapore 1999 0-1 (35)}) 11. Nh4 Qb6 12. Kh1 Ne8 13. f4 Bf6 14. e5 Bxh4 15. gxh4 dxe5 16. fxe5 Qc7 17. a4 Rc8 18. axb5 axb5 19. Rf2 Nb6 20. Ne4 Nd5 21. Ra7 Rb8 22. Nd6 b4 23. Rxb7 Rxb7 24. Nxb7 Qxb7 25. Rf1 Qe7 26. Qf2 Nec7 27. d4 cxd4 28. Bxd4 Qd7 29. h5 h6 30. Rg1 Nb5 31. Bc5 Rc8 32. Bf3 Qc7 33. Qg3 f5 34. Bxd5 exd5 35. Be3 d4 36. Bd2 Qb7+ 37. Qg2 Qxg2+ 38. Rxg2 Rxc2 39. e6 Nc7 40. e7 Kf7 41. Kg1 Nd5 42. Rxg7+ Ke8 43. Bxh6 Nxe7 44. Bg5 Nd5 45. h6 Kf8 46. Rd7 Ne3 47. Bxe3 dxe3 48. h7 Ke8 49. Rg7 1-0

[Event "45th FIDE Chess Olympiad Open"]
[Site "Budapest, Hungary"]
[Date "2024.09.11"]
[Round "1.22"]
[White "Veer Gandhi"]
[Black "Aoshima, Mirai"]
[Result "0-1"]
[WhiteElo "1792"]
[BlackElo "2385"]
[PlyCount "82"]
[EventDate "2024.??.??"]
[WhiteTeam "Tanzania"]
[BlackTeam "Japan"]
[WhiteTeamCountry "TAN"]
[BlackTeamCountry "JPN"]
[WhiteClock "0:00:53"]
[BlackClock "0:08:25"]

1. d4 Nf6 2. Nf3 e6 3. e3 c5 4. Bd3 d5 5. b3 Nc6 6. a3 cxd4 7. exd4 g6 8. O-O ({RR} 8. Nbd2 Bg7 9. O-O O-O 10. Bb2 b6 11. Qe2 Nd7 12. h4 Bb7 13. h5 Re8 14. hxg6 hxg6 15. Ne5 Rc8 16. f4 Nf6 17. Rad1 Ne7 18. g4 Qc7 19. Rf2 Ne4 20. Nxe4 dxe4 21. Bxe4 Bxe4 22. Qxe4 b5 {Alonso Rosell,A (2566)-Sychev,K (2547) chess.com INT 2023 1-0 (39)}) 8... Bg7 9. Bb2 O-O 10. Ne5 $146 ({RR} 10. Re1 h6 11. c4 dxc4 12. bxc4 Nh7 13. Be4 Qd7 14. Re2 Nxd4 15. Bxd4 e5 16. Nxe5 Bxe5 17. Rd2 Bxd4 18. Rxd4 Qe7 19. Nc3 Nf6 20. Nd5 Nxd5 21. Bxd5 Be6 22. Qe2 Qd7 23. Rad1 Bxd5 24. Rxd5 Qa4 {Rolf,K (1856)-Eike,M (1327) Goch 2009 1-0 (33)}) ({RR} 10. Nbd2 a6 11. c4 Re8 12. c5 Nd7 13. Rc1 e5 14. dxe5 Ndxe5 15. Nxe5 Nxe5 16. Bxe5 Bxe5 17. Nf3 Bg4 18. h3 Bxf3 19. Qxf3 Bb2 20. Rb1 Bg7 21. b4 Re5 22. a4 Qc7 23. Rfc1 Bh6 24. Rc2 Rae8 {De Carvalho Machado,F (1863)-Pereira,D Osasco 2012 1-0 (35)}) 10... Qb6 11. Nxc6 bxc6 12. Nd2 a5 13. Nf3 Ba6 14. Ne5 Rfd8 15. Bxa6 Qxa6 16. Qf3 Qb7 17. Rad1 Ne4 18. Rfe1 Rac8 19. Qd3 Qc7 20. f3 Nd6 21. Re2 Nf5 22. Qd2 c5 23. dxc5 Qxc5+ 24. Kh1 d4 25. Nc4 a4 26. Qd3 Qc7 27. Bc1 Ne3 28. Rde1 Nxc4 29. Qxc4 Qxc4 30. bxc4 Rxc4 31. Rd2 Rdc8 32. Kg1 Rxc2 33. Rxc2 Rxc2 34. Bf4 d3 35. Rd1 Bd4+ 36. Kh1 e5 37. Bh6 Ra2 38. Rb1 f5 39. h3 f4 40. Rd1 Ra1 41. Rxa1 Bxa1 0-1

[Event "45th FIDE Chess Olympiad Open"]
[Site "Budapest, Hungary"]
[Date "2024.09.11"]
[Round "1.23"]
[White "Kojima, Shinya"]
[Black "Hassuji, Nurdin"]
[Result "1-0"]
[WhiteElo "2299"]
[BlackElo "1847"]
[PlyCount "61"]
[EventDate "2024.??.??"]
[WhiteTeam "Japan"]
[BlackTeam "Tanzania"]
[WhiteTeamCountry "JPN"]
[BlackTeamCountry "TAN"]
[WhiteClock "1:19:49"]
[BlackClock "0:00:47"]

1. d4 d5 2. c4 c6 3. Nc3 Nf6 4. e3 e6 5. Nf3 Bd6 6. Qc2 Nbd7 7. Bd3 a6 8. O-O O-O 9. Rd1 ({RR} 9. b3 e5 10. cxd5 cxd5 11. e4 Qc7 12. Nxd5 Nxd5 13. exd5 Qxc2 14. Bxc2 exd4 15. Bb2 Nf6 16. Nxd4 Be5 17. Rad1 Rd8 18. Rfe1 Rxd5 19. Nc6 Rxd1 20. Rxd1 Bf5 21. Nxe5 Bxc2 22. Rd6 Bb1 23. a3 Rc8 {Wang,Y (2721)-Bu,X (2712) Zaozhuang 2015 0-1}) ({RR} 9. e4 dxe4 10. Nxe4 Nxe4 11. Bxe4 Nf6 12. Bg5 h6 13. Bh4 Be7 14. Rad1 Nxe4 15. Qxe4 Bxh4 16. Nxh4 Qg5 17. Nf3 Qf5 18. Qxf5 exf5 19. Rfe1 b5 20. d5 bxc4 21. dxc6 Rb8 22. c7 Rxb2 23. Rd8 c3 {Sierra,H (1462)-Caicedo Solano,E (1812) Bucaramanga 2022 ½-½ (31)}) 9... Re8 $146 ({RR} 9... Qe7 10. e4 dxc4 11. Bxc4 e5 12. a3 exd4 13. Nxd4 Ne5 14. Bf1 Bc5 15. Bg5 Neg4 16. Qd2 Be6 17. Qf4 h6 18. Bxf6 Nxf6 19. Nf5 Bxf5 20. Qxf5 Bd6 21. Re1 Be5 22. Rac1 Rad8 23. Rc2 g6 24. Qf3 {Lobo,R (2270)-Kaidanov,G (2555) Reno 1992 0-1}) ({RR} 9... Qe7 10. e4 dxc4 11. Bxc4 b5 12. Bf1 e5 13. Bg5 exd4 14. Rxd4 Ne5 15. Rad1 Nxf3+ 16. gxf3 Be5 17. R4d3 Qc7 18. f4 Bxf4 19. Bxf4 Qxf4 20. Ne2 Qh4 21. Qxc6 Ng4 22. Bg2 Qxf2+ 23. Kh1 Qh4 24. Kg1 {Musialkiewicz,P (1908)-Duda,J (2197) Karpacz 2010 0-1 (32)}) ({RR} 9... b5 10. b3 Bb7 11. Rb1 Qe7 12. e4 dxe4 13. Nxe4 Nxe4 14. Bxe4 h6 15. Be3 Nf6 16. Bd3 Rac8 17. Qe2 bxc4 18. Bxc4 a5 19. Rbc1 Ng4 20. Bd2 c5 21. h3 Bxf3 22. Qxf3 Nf6 23. Bxa5 Ra8 24. Bb6 {Arsenijevic,I (2148)-Stankovic,I (1950) Niska Banja 2007 ½-½ (39)}) 10. e4 dxe4 11. Nxe4 Nxe4 12. Bxe4 Nf6 13. Bg5 h6 14. Bh4 g5 15. Bg3 Nxe4 16. Qxe4 f5 17. Qc2 Bxg3 18. hxg3 Qf6 19. c5 Bd7 20. Qb3 Rab8 21. Ne5 Re7 22. a4 Kg7 23. a5 Be8 24. Ra4 Rc7 25. Rb4 Bf7 26. Rb6 Qd8 27. Rd3 Qd5 28. Qxd5 exd5 29. Rdb3 Be8 30. Rxa6 Kf6 31. Ra7 1-0

[Event "45th FIDE Chess Olympiad Open"]
[Site "Budapest, Hungary"]
[Date "2024.09.11"]
[Round "1.24"]
[White "Lusako, Shedrack"]
[Black "Yamada, Kohei"]
[Result "0-1"]
[WhiteElo "1760"]
[BlackElo "2178"]
[PlyCount "100"]
[EventDate "2024.??.??"]
[WhiteTeam "Tanzania"]
[BlackTeam "Japan"]
[WhiteTeamCountry "TAN"]
[BlackTeamCountry "JPN"]
[WhiteClock "0:41:31"]
[BlackClock "0:27:28"]

1. e4 c5 2. Nf3 d6 3. d4 cxd4 4. Nxd4 Nf6 5. Nc3 a6 6. a4 e5 7. Nb3 Be7 8. Bc4 O-O 9. O-O Qc7 10. Nd5 Nxd5 11. Bxd5 Nd7 12. Be3 Nf6 13. a5 Nxd5 14. exd5 Bd7 $146 ({RR} 14... Bf5 15. c3 Qc4 16. f3 Qd3 17. Qd2 Rac8 18. Rfd1 Qc2 19. Nc1 Qxd2 20. Rxd2 Bd7 21. Ne2 Bb5 22. Ng3 f5 23. Bf2 Bg5 24. Rdd1 Bh4 25. Kh1 Bxg3 26. Bxg3 Rfe8 27. Kg1 Kf7 28. Bf2 {½-½ (28) Blank,K-Ogonowski,J (1642) Warsaw 2010}) 15. Nd2 f5 16. c4 Rae8 17. Qb3 Kh8 18. f3 Bf6 19. Rac1 Qb8 20. Bb6 Bg5 21. Be3 Qd8 22. Bxg5 Qxg5 23. Qxb7 Bc8 24. Qb4 e4 25. fxe4 fxe4 26. Qxd6 Rf6 27. Rxf6 gxf6 28. Rf1 f5 29. Qf4 Qg7 30. b3 Qc3 31. d6 Qxa5 32. Qe3 Qe5 33. Nb1 Qxd6 34. Nc3 Be6 35. Rd1 Qe5 36. Qd4 Qxd4+ 37. Rxd4 Rb8 38. Nxe4 fxe4 39. Rxe4 Bf7 40. Re3 Kg7 41. Kf2 a5 42. Ke2 Rxb3 43. Re7 Kf6 44. Rc7 a4 45. g4 a3 46. h4 a2 47. Ra7 Bxc4+ 48. Kf2 Rb1 49. Rxh7 a1=Q 50. g5+ Ke5 0-1

[Event "45th FIDE Chess Olympiad Open"]
[Site "Budapest, Hungary"]
[Date "2024.09.11"]
[Round "1.25"]
[White "Murphy, Jones"]
[Black "Zhakshylykov, Erzhan"]
[Result "0-1"]
[WhiteElo "2021"]
[BlackElo "2327"]
[PlyCount "66"]
[EventDate "2024.??.??"]
[WhiteTeam "Dominica"]
[BlackTeam "Kyrgyzstan"]
[BlackTeamCountry "KGZ"]
[WhiteClock "0:18:10"]
[BlackClock "0:02:59"]

1. e4 e5 2. Nf3 Nc6 3. Bc4 Bc5 4. c3 Nf6 5. d4 exd4 6. cxd4 Bb4+ 7. Nc3 Nxe4 8. O-O Bxc3 9. d5 Bf6 10. Re1 Ne7 11. Rxe4 d6 12. Bg5 Bxg5 13. Nxg5 h6 14. Qe2 hxg5 15. Re1 Be6 16. dxe6 f6 17. Re3 c6 18. Rh3 Rxh3 19. gxh3 g6 20. b4 ({RR} 20. Qd2 Kf8 21. h4 gxh4 22. Qh6+ Kg8 23. Bd3 Qf8 24. Qxh4 Qg7 25. Qb4 Nf5 26. Bxf5 gxf5+ 27. Kf1 Rd8 28. e7 Re8 29. Qxd6 Qg4 30. Qe6+ Kg7 31. Re3 Qd1+ 32. Kg2 Qd5+ 33. Qxd5 cxd5 34. Kf3 Kf7 {Korkmaz,N (2013)-Tarasova,V (2226) chess.com INT 2023 ½-½ (70)}) 20... Kf8 21. Qb2 ({RR} 21. h4 gxh4 22. Qg4 Kg7 23. Qxh4 d5 24. Bd3 Qd6 25. f4 Qxb4 26. Qg3 Rh8 27. Rb1 Qd4+ 28. Kh1 b6 29. Rg1 Rh6 30. Re1 c5 31. Re2 Qa1+ 32. Kg2 Qd1 33. f5 Rh5 34. h4 Rxh4 35. Qxh4 Qxd3 {Felgaer,R (2561)-Lafuente,P (2524) Asuncion 2009 0-1 (61)}) 21... Kg7 22. Re3 Qb6 $146 ({RR} 22... Qc7 23. Rf3 Rf8 24. Qd4 c5 25. bxc5 dxc5 26. Qb2 b6 27. Rd3 Rd8 28. Qb5 Rxd3 29. Bxd3 Qc6 30. Qb3 Qd6 31. Bc4 Kf8 32. Qf3 Kg7 33. Qb3 Qc7 34. Qd1 Kf8 35. Qf3 Nf5 36. Qa8+ Ke7 37. Qg8 {Hoiberg,N (2230)-Ochsner,T (2275) Aarhus 1993 ½-½ (44)}) ({RR} 22... d5 23. Rf3 Nf5 24. Bd3 Nh4 25. Re3 Qd6 26. Qd4 b6 27. Qg4 Re8 28. Bc2 d4 29. Ra3 a5 30. Bb3 Qxb4 {0-1 (30) Kosztolanczi,G (2192)-Hajnal,Z (2403) Zalakaros 2002}) ({RR} 22... Qc7 23. h4 gxh4 24. Rf3 Rf8 25. Bd3 d5 26. Qd4 Qe5 27. Qxa7 Qxe6 28. Re3 Qg4+ 29. Kf1 Rf7 30. Be2 Qxb4 31. Rb3 Qf4 32. Rxb7 Qxh2 33. Bf3 Qh3+ 34. Bg2 Qe6 35. Kg1 Nf5 36. a4 Rxb7 37. Qxb7+ {Stummer,W (2135)-Sandor,C (2345) Austria 1997 0-1 (80)}) 23. Rg3 d5 24. Bd3 c5 25. Rg4 c4 26. Bf1 Rc8 27. Qc3 Nf5 28. e7 Qe6 29. h4 Qe5 30. Qh3 Qxe7 31. hxg5 fxg5 32. Qg2 c3 33. Qxd5 c2 0-1